Statistics for Miraculous Ladybug Lyrics #1

Click here to take the quiz!

General Stats

  • This quiz has been taken 212 times
  • The average score is 19 of 34

Answer Stats

LyricsMissing Words% Correct
I'm ___ Noir,Cat
86%
I live a ____life
78%
It's Ladybug, a ____ charm!lucky
75%
It's Ladybug, a lucky ____!charm
70%
They ____ at me,look
69%
And when the ___ goes down,sun
68%
My feet are ___ the ground.off
63%
Life's got me ____ 'round,spinning
61%
Oh no you'll never ____.know
60%
It's _____,Ladybug
60%
Power is on when ____ go wrong!things
60%
My force will only ____.grow
59%
Magic is on always so ____!strong
59%
____ is on always so strong!Power
58%
That's full of ___,fun
57%
___ Ladybug,It's
57%
And think I'm ___.cool
56%
I find a ___,way
55%
My ____ are out,claws
54%
And ___ the day.save
54%
My ___ is charged,ring
53%
Jumping ___!above
51%
You'd ____ hang around…better
51%
____ is on always so strong!Magic
51%
And on the ___.run
50%
You'd better ____ around…hang
48%
____ above!Jumping
47%
And when the ____ is up,moon
47%
When ___ comes,evil
46%
At night I ___.rule
44%
With ____,energy
40%
Just ____ and see.watch
38%
To use my____force
37%
It keeps me ____,sharp
35%

Score Distribution

Percentile by Number Answered

Percent of People with Each Score

Your Score History

You have not taken this quiz